| 000 | 00718nam a22002055i 4500 | ||
|---|---|---|---|
| 001 | 162595 | ||
| 003 | ES-MaACL | ||
| 005 | 20230906212548.0 | ||
| 008 | 051005s1872 gw | |||||||| ||eng d | ||
| 040 |
_aCAM _bspa _cCAM |
||
| 100 | 1 |
_aPrior, Herman Ludolph. _993988 |
|
| 245 | 1 | 0 |
_aExpiated / _cby the author of "Behind the veil". |
| 260 |
_aLeipzig : _bBernhard Tauchnitz, _c1872. |
||
| 300 |
_a2 v. (304; 304 p.) ; _c16 cm. |
||
| 490 | 1 |
_aCollection of british authors ; _v1274; 1275 |
|
| 594 | _aEl autor de "Behind the veil" es Herman Ludolph Prior. | ||
| 830 | 0 |
_aCollection of british authors ; _v1274; 1275 _9180703 |
|
| 852 |
_aES-MaACL _jG-13088 _z-- Enc. hol. _z-- 2 t. en 1 v. |
||
| 999 |
_c162595 _d162595 |
||